000 00290nam a2200121 i 4500
001 bg
245 0 _aWybrane zagadnienia z metodyki wychowania fizycznego.
_nCz.1.
260 _aWarszawa,
_c1970.
040 _cBPK
041 _apol
942 _cKS
008 s pl f |000 0 pol
999 _c7419
_d7419
856 _uhttp://koha.tu.koszalin.pl/cgi-bin/koha/opac-detail.pl?biblionumber=7419
_yKatalog online BPK